Braque (Record no. 77802)

MARC details
000 -LEADER
campo de control de longitud fija 01075nam a2200289 i 4500
001 - NÚMERO DE CONTROL
campo de control 77802
003 - IDENTIFICADOR DE NÚMERO DE CONTROL
campo de control ES-MaACL
005 - FECHA Y HORA DE LA ÚLTIMA TRANSACCIÓN
campo de control 20250825144954.0
007 - CAMPO FIJO DE DESCRIPCIÓN FÍSICA--INFORMACIÓN GENERAL
campo de control de longitud fija t|
008 - DATOS DE LONGITUD FIJA--INFORMACIÓN GENERAL
campo de control de longitud fija 041110s2002 sp ||||1| spa d
020 ## - NÚMERO INTERNACIONAL ESTÁNDAR DEL LIBRO
Número Internacional Estándar del Libro 84-88474-85-7
080 ## - NÚMERO DE LA CLASIFICACIÓN DECIMAL UNIVERSAL
Número de la Clasificación Decimal Universal 75 Braque, Georges (083.824)
100 1# - ENTRADA PRINCIPAL--NOMBRE DE PERSONA
Nombre de persona Braque, Georges.
9 (RLIN) 31380
245 10 - MENCIÓN DEL TÍTULO
Título Braque
Resto del título : del 5 de febrero al 19 de mayo de 2002, [Museo Thyssen-Bornemisza] /
Mención de responsabilidad, etc. exposición a cargo de Tomás LLorens, Isabelle Monod-Fontaine, Jean-Louis Prat.
260 ## - PUBLICACIÓN, DISTRIBUCIÓN, ETC.
Lugar de publicación, distribución, etc. Madrid :
Nombre del editor, distribuidor, etc. Fundación Thyssen-Bornemisza,
Fecha de publicación, distribución, etc. [2002]
300 ## - DESCRIPCIÓN FÍSICA
Extensión 196 p. :
Otras características físicas principalmente il. col. y n. ;
Dimensiones 28 cm.
500 ## - NOTA GENERAL
Nota general En la port.: Banco Urquijo.
600 14 - PUNTO DE ACCESO ADICIONAL DE MATERIA--NOMBRE DE PERSONA
Nombre de persona Braque, Georges-
Subdivisión de forma Exposiciones.
9 (RLIN) 31381
655 #7 - TERMINO DE INDIZACIÓN--GENERO/FORMA
Fuente del término tgfbne
9 (RLIN) 193628
Datos o término principal de género/forma Catálogos de exposiciones
700 1# - ENTRADA AGREGADA--NOMBRE PERSONAL
Nombre de persona Llorens, Tomás,
Fechas asociadas al nombre 1936-
9 (RLIN) 72895
700 1# - ENTRADA AGREGADA--NOMBRE PERSONAL
Nombre de persona Monod-Fontaine, Isabelle.
9 (RLIN) 82261
700 1# - ENTRADA AGREGADA--NOMBRE PERSONAL
Nombre de persona Prat, Jean-Louis.
9 (RLIN) 93664
710 2# - ENTRADA AGREGADA--NOMBRE DE ENTIDAD CORPORATIVA
Nombre de entidad corporativa o nombre de jurisdicción como elemento de entrada Museo Nacional Thyssen-Bornemisza
9 (RLIN) 5926
852 ## - LOCALIZACIÓN
Ubicación ES-MaACL
Número de control de estantería L-28414
Sublocalización o colección R.134518
942 ## - ELEMENTOS DE ENTRADA SECUNDARIOS (KOHA)
Fuente del sistema de clasificación o colocación Clasificación decimal universal
Holdings
Estatus retirado Estado de pérdida Estado de daño No para préstamo Biblioteca de origen Biblioteca actual Ubicación en estantería Fecha de adquisición Fuente de adquisición Total de préstamos Signatura topográfica completa Código de barras Visto por última vez Precio de reemplazo Tipo de ítem Koha
        Biblioteca del Ateneo de Madrid Biblioteca del Ateneo de Madrid Depósito 2 17/01/2008     L-28414 1081393 23/02/2023 23/02/2023 Libro impreso